000 nam a22 7a 4500
999 _c126433
_d126433
008 170412b xxu||||| |||| 00| 0 eng d
050 _aBL2747.3.W45 2016
100 _aWhitmarsh, Tim
_929903
245 _aBattling the Gods
_bAtheism in the ancient world
_cTim Whitmarsh
260 _aLondon
_bFaber and Faber
_c2016
300 _aviii, 290p. ;
_c20cm.
650 _aAtheism
_xHistory
_929904
_zGreece
650 _aChristianity and atheism
_92060
650 _aGreece
_xReligion
_929905
942 _2lcc
_cMONOGRAPH